[Event "Mutxamel 5th"]
[Site "Mutxamel"]
[Date "2023.08.23"]
[Round "6"]
[White "Funes Ostos, Aitor"]
[Black "Gavarrete, Nahun"]
[Result "1/2-1/2"]
[WhiteElo "2194"]
[BlackElo "2232"]
[PlyCount "90"]
[EventDate "2023.08.21"]
[EventType "tourn"]
[EventRounds "9"]
[EventCountry "ESP"]
[EventCategory "2"]
[SourceTitle "CBM 215 Extra"]
[Source "ChessBase"]
[SourceDate "2023.09.30"]
[SourceVersion "1"]
[SourceVersionDate "2023.09.30"]
[SourceQuality "1"]

1. c4 Nf6 2. Nc3 g6 3. g3 c5 4. Bg2 Bg7 5. e4 Nc6 6. Nge2 d6 7. 0-0 0-0 8. d3 a6 9. Rb1 Rb8 10. a4 Ne8 11. Be3 Nc7 12. d4 cxd4 13. Nxd4 Nxd4 14. Bxd4 b5 15. cxb5 axb5 16. Ba7 Rb7 17. Be3 bxa4 18. Nxa4 Bd7 19. Nb6 Be6 20. Qa4 Qb8 21. Qc6 Na8 22. Nxa8 Rc8 23. Qa4 Bb3 24. Qa3 Qxa8 25. Rbc1 Rcb8 26. e5 d5 27. f4 e6 28. Rc3 Qxa3 29. bxa3 Bf8 30. Ra1 Ba4 31. Rac1 Rb1 32. Rxb1 Rxb1+ 33. Kf2 Rb2+ 34. Kg1 Ra2 35. Bc5 Bxc5+ 36. Rxc5 Rxa3 37. Ra5 Ra2 38. Bf1 Bb3 39. Rxa2 Bxa2 40. Kf2 d4 41. Bb5 Kg7 42. Ke2 Bb1 43. Bd3 Ba2 44. Bb5 Bb1 45. Bd3 Ba2 1/2-1/2

[Event "Mutxamel 5th"]
[Site "Mutxamel"]
[Date "2023.08.23"]
[Round "5"]
[White "Villa Tornero, Alex"]
[Black "Funes Ostos, Aitor"]
[Result "1-0"]
[WhiteElo "2225"]
[BlackElo "2194"]
[PlyCount "115"]
[EventDate "2023.08.21"]
[EventType "tourn"]
[EventRounds "9"]
[EventCountry "ESP"]
[EventCategory "2"]
[SourceTitle "CBM 215 Extra"]
[Source "ChessBase"]
[SourceDate "2023.09.30"]
[SourceVersion "1"]
[SourceVersionDate "2023.09.30"]
[SourceQuality "1"]

1. e4 e6 2. d4 d5 3. Nc3 Nf6 4. e5 Nfd7 5. f4 c5 6. Nf3 Nc6 7. Be3 cxd4 8. Nxd4 Bc5 9. Qd2 0-0 10. 0-0-0 a6 11. h4 Nxd4 12. Bxd4 b5 13. Rh3 b4 14. Na4 Bxd4 15. Qxd4 a5 16. h5 Ba6 17. Bxa6 Rxa6 18. Kb1 Qc7 19. h6 g6 20. Re3 Rc6 21. Re2 Rc8 22. Qf2 Nc5 23. Nxc5 Rxc5 24. f5 Qe7 25. fxg6 fxg6 26. Rf1 Rf8 27. Qxf8+ Qxf8 28. Rxf8+ Kxf8 29. a3 bxa3 30. b3 a4 31. Ka2 axb3+ 32. cxb3 Ra5 33. Rc2 d4 34. Rc8+ Kf7 35. Rc7+ Kg8 36. Rg7+ Kf8 37. Rxh7 Rxe5 38. Rd7 Rh5 39. h7 d3 40. Kxa3 d2 41. b4 Rxh7 42. Rxd2 Ra7+ 43. Kb3 Ke7 44. b5 e5 45. Kb4 Ke6 46. b6 Ra1 47. Kb5 Rb1+ 48. Kc6 Rc1+ 49. Kb7 e4 50. Rb2 Kd5 51. Ka7 e3 52. b7 Rc7 53. Kb6 Rxb7+ 54. Kxb7 Kd4 55. Kc6 Kd3 56. Kd5 e2 57. Rb1 Kd2 58. g4 1-0

[Event "ESP-ch U18"]
[Site "Salobrena"]
[Date "2023.08.01"]
[Round "3"]
[White "Funes Ostos, Aitor"]
[Black "Lopez Varela, Pablo"]
[Result "1/2-1/2"]
[WhiteElo "2131"]
[BlackElo "2300"]
[PlyCount "99"]
[EventDate "2023.07.31"]
[EventType "swiss"]
[EventRounds "9"]
[EventCountry "ESP"]
[SourceTitle "CBM 215 Extra"]
[Source "ChessBase"]
[SourceDate "2023.09.30"]
[SourceVersion "1"]
[SourceVersionDate "2023.09.30"]
[SourceQuality "1"]

1. c4 c5 2. Nc3 Nc6 3. g3 g6 4. Bg2 Bg7 5. d3 d6 6. Qd2 h5 7. Nf3 Nh6 8. b3 Nf5 9. h4 Bd7 10. Bb2 Qc8 11. Nd5 Kf8 12. e3 Rb8 13. 0-0 b5 14. cxb5 Rxb5 15. Rac1 Qd8 16. Bxg7+ Kxg7 17. Qb2+ f6 18. Nf4 e5 19. Nd5 Be6 20. Nd2 Nb4 21. Nxb4 Rxb4 22. Ne4 a5 23. Qd2 Qd7 24. f4 exf4 25. Rxf4 Rhb8 26. Rcf1 Qe7 27. Qc3 R8b5 28. Qe1 Rb8 29. Qc3 Bd7 30. Qxf6+ Qxf6 31. Nxf6 Kxf6 32. e4 a4 33. exf5 Rxf4 34. Rxf4 axb3 35. fxg6+ Kxg6 36. axb3 Rxb3 37. Be4+ Kg7 38. Kf2 Be6 39. Ke2 Rb4 40. Ke3 Rb1 41. Bf3 d5 42. Bxh5 d4+ 43. Kd2 Rb2+ 44. Ke1 Rg2 45. g4 Rg3 46. Re4 Bb3 47. Kd2 Rg2+ 48. Re2 Rg1 49. Re1 Rg2+ 50. Re2 1/2-1/2

[Event "Llinars del Valles 3rd"]
[Site "Llinars del Valles"]
[Date "2023.07.02"]
[Round "8"]
[White "Funes Ostos, Aitor"]
[Black "Mangues Rubia, Alex"]
[Result "1/2-1/2"]
[WhiteElo "2121"]
[BlackElo "1924"]
[PlyCount "42"]
[EventDate "2023.06.25"]
[EventType "swiss"]
[EventRounds "9"]
[EventCountry "ESP"]
[SourceTitle "CBM 215 Extra"]
[Source "ChessBase"]
[SourceDate "2023.09.30"]
[SourceVersion "1"]
[SourceVersionDate "2023.09.30"]
[SourceQuality "1"]

1. Nf3 c5 2. c4 Nc6 3. Nc3 g6 4. g3 Bg7 5. Bg2 Nf6 6. d4 cxd4 7. Nxd4 0-0 8. Nc2 d6 9. b3 Qa5 10. Qd2 Be6 11. Nd5 Nxd5 12. Qxa5 Nxa5 13. cxd5 Bxa1 14. Nxa1 Bd7 15. Nc2 b5 16. Nd4 Nb7 17. Nc6 Rfe8 18. Bg5 Kf8 19. Bh6+ Kg8 20. Bg5 Kf8 21. Bh6+ Kg8 1/2-1/2

[Event "Llinars del Valles 3rd"]
[Site "Llinars del Valles"]
[Date "2023.06.27"]
[Round "3"]
[White "Funes Ostos, Aitor"]
[Black "Torrent San Nicolas, Biel"]
[Result "1-0"]
[WhiteElo "2121"]
[BlackElo "1979"]
[PlyCount "71"]
[EventDate "2023.06.25"]
[EventType "swiss"]
[EventRounds "9"]
[EventCountry "ESP"]
[SourceTitle "CBM 215 Extra"]
[Source "ChessBase"]
[SourceDate "2023.09.30"]
[SourceVersion "1"]
[SourceVersionDate "2023.09.30"]
[SourceQuality "1"]

1. c4 Nf6 2. Nc3 c5 3. g3 Nc6 4. Bg2 g6 5. e4 d6 6. Nge2 Bg7 7. 0-0 0-0 8. d3 Ne8 9. Be3 Nd4 10. Rb1 a5 11. f4 f5 12. Bf2 e5 13. exf5 Rxf5 14. Nxd4 exd4 15. Nd5 Nf6 16. g4 Rxd5 17. Bxd5+ Nxd5 18. cxd5 Qd7 19. h3 h5 20. f5 hxg4 21. fxg6 gxh3 22. Bg3 Be5 23. Qf3 h2+ 24. Kh1 Qe8 25. Qf7+ Qxf7 26. gxf7+ Kf8 27. Bxe5 dxe5 28. Rbe1 b6 29. Rxe5 Bb7 30. Rg5 Ke7 31. f8Q+ Rxf8 32. Rg7+ Kd6 33. Rxf8 Bxd5+ 34. Kxh2 Bxa2 35. Rf6+ Ke5 36. Rxb6 1-0

[Event "ESP-ch Amateurs U2300"]
[Site "Murcia"]
[Date "2022.09.03"]
[Round "7.7"]
[White "Gomez Carreno, Martin"]
[Black "Funes Ostos, Aitor"]
[Result "1-0"]
[WhiteElo "2155"]
[BlackElo "1981"]
[PlyCount "77"]
[EventDate "2022.08.30"]
[EventType "swiss"]
[EventRounds "7"]
[EventCountry "ESP"]
[SourceTitle "EXT 2024"]
[Source "ChessBase"]
[SourceDate "2023.10.10"]
[SourceVersion "1"]
[SourceVersionDate "2023.10.10"]
[SourceQuality "1"]

1. e4 c5 2. Nc3 e6 3. Nf3 a6 4. d4 cxd4 5. Nxd4 b5 6. g3 Bb7 7. Bg2 Qc7 8. 0-0 Nf6 9. Qe2 d6 10. Rd1 Be7 11. a4 b4 12. Na2 d5 13. exd5 Bxd5 14. Bxd5 Nxd5 15. Nf5 exf5 16. Rxd5 Nc6 17. Bf4 Qb7 18. Rad1 Rd8 19. Rxd8+ Nxd8 20. Bd6 Ne6 21. Bxe7 Kxe7 22. Qe5 Rd8 23. Rxd8 Kxd8 24. Qd6+ Qd7 25. Qb8+ Qc8 26. Qxc8+ Kxc8 27. Nxb4 a5 28. Nc6 Nc5 29. b3 Nb7 30. Ne7+ Kd7 31. Nxf5 g6 32. Ne3 Kd6 33. Kf1 Kc5 34. c3 Nd6 35. f3 f5 36. Ke2 g5 37. Kd3 h5 38. Nc4 Nb7 39. Nxa5 1-0

[Event "ESP-ch U16 Rapid"]
[Site "Salobrena"]
[Date "2022.07.31"]
[Round "8"]
[White "Funes Ostos, Aitor"]
[Black "Perez Travieso, Saul"]
[Result "1/2-1/2"]
[WhiteElo "1855"]
[BlackElo "1679"]
[PlyCount "84"]
[EventDate "2022.07.30"]
[EventType "swiss (rapid)"]
[EventRounds "9"]
[EventCountry "ESP"]
[SourceTitle "EXT 2023"]
[Source "ChessBase"]
[SourceDate "2022.10.05"]
[SourceVersion "1"]
[SourceVersionDate "2022.10.05"]
[SourceQuality "1"]

1. c4 Nf6 2. Nc3 e6 3. e4 d5 4. e5 d4 5. exf6 dxc3 6. bxc3 Qxf6 7. d4 c5 8. Nf3 h6 9. Be2 cxd4 10. cxd4 Bb4+ 11. Bd2 Bxd2+ 12. Qxd2 0-0 13. 0-0 Nc6 14. Rfd1 Rd8 15. Qe3 Bd7 16. Rab1 Rab8 17. d5 exd5 18. cxd5 Re8 19. Qd2 Ne5 20. Nxe5 Qxe5 21. Bf3 Qd6 22. h3 a6 23. Qa5 Bb5 24. a4 b6 25. Qb4 Qxb4 26. Rxb4 Bd7 27. d6 b5 28. a5 Be6 29. Rbd4 Red8 30. d7 Kf8 31. Rd6 Ke7 32. Rxa6 Rxd7 33. Rb1 b4 34. Rb6 Rxb6 35. axb6 b3 36. b7 Rd8 37. Ra1 Bf5 38. g4 Bc2 39. Ra8 b2 40. b8Q Rxb8 41. Rxb8 b1Q+ 42. Rxb1 Bxb1 1/2-1/2

[Event "ESP-ch U16 Rapid"]
[Site "Salobrena"]
[Date "2022.07.30"]
[Round "3"]
[White "Funes Ostos, Aitor"]
[Black "Maldonado Mena, German"]
[Result "1-0"]
[WhiteElo "1855"]
[BlackElo "1633"]
[PlyCount "55"]
[EventDate "2022.07.30"]
[EventType "swiss (rapid)"]
[EventRounds "9"]
[EventCountry "ESP"]
[SourceTitle "EXT 2023"]
[Source "ChessBase"]
[SourceDate "2022.10.05"]
[SourceVersion "1"]
[SourceVersionDate "2022.10.05"]
[SourceQuality "1"]

1. c4 e6 2. Nf3 Nf6 3. e3 d5 4. Nc3 Be7 5. b3 0-0 6. Bb2 c5 7. cxd5 Nxd5 8. Qb1 Nc6 9. Bd3 h6 10. 0-0 Nxc3 11. Bxc3 Bf6 12. Rd1 Nb4 13. Bh7+ Kh8 14. Be4 Nd5 15. Bxf6 Nxf6 16. d4 cxd4 17. Rxd4 Qa5 18. Qd3 Rb8 19. a4 Nxe4 20. Qxe4 Qc3 21. Rad1 b6 22. Rd8 Ba6 23. Rxb8 Rxb8 24. Ne5 Kg8 25. Nxf7 Bb7 26. Qxe6 Bc8 27. Rd8+ Kh7 28. Rh8# 1-0

[Event "ESP-ch U16"]
[Site "Salobrena"]
[Date "2022.07.29"]
[Round "8"]
[White "Montesinos Diaz, Luis"]
[Black "Funes Ostos, Aitor"]
[Result "1/2-1/2"]
[WhiteElo "1949"]
[BlackElo "2067"]
[PlyCount "104"]
[EventDate "2022.07.25"]
[EventType "swiss"]
[EventRounds "9"]
[EventCountry "ESP"]
[SourceTitle "EXT 2023"]
[Source "ChessBase"]
[SourceDate "2022.10.05"]
[SourceVersion "1"]
[SourceVersionDate "2022.10.05"]
[SourceQuality "1"]

1. e4 e6 2. Qe2 c5 3. Nf3 Nc6 4. c3 e5 5. d3 d6 6. g3 g6 7. Bg2 Bg7 8. 0-0 Nge7 9. Nh4 0-0 10. f4 exf4 11. Bxf4 d5 12. Nd2 h6 13. Nhf3 g5 14. Nxg5 hxg5 15. Bxg5 f6 16. Bh4 d4 17. e5 Nxe5 18. Ne4 N7g6 19. Nxc5 Nxh4 20. gxh4 Ng4 21. Bxb7 Bxb7 22. Nxb7 Qb6 23. Qxg4 dxc3+ 24. Rf2 cxb2 25. Rb1 Qxb7 26. Rfxb2 Qc8 27. Qg2 Qc5+ 28. Kh1 Rac8 29. Rb5 Qc1+ 30. Rxc1 Rxc1+ 31. Qg1 Rxg1+ 32. Kxg1 f5 33. Kg2 Bd4 34. Kf3 f4 35. Rd5 Be3 36. d4 Rf7 37. a4 Kg7 38. Rd8 Kf6 39. Rd6+ Ke7 40. Rd5 Ke6 41. Rd8 Rd7 42. Rxd7 Kxd7 43. Ke4 Ke6 44. h5 Kf6 45. d5 Kg5 46. d6 Kxh5 47. d7 Bb6 48. Kxf4 Kg6 49. Ke5 Kf7 50. Kd6 Bd8 51. Kc6 Ke6 52. Kb7 Kxd7 1/2-1/2

[Event "ESP-ch U16"]
[Site "Salobrena"]
[Date "2022.07.28"]
[Round "6"]
[White "Creixans Comerma, Pol"]
[Black "Funes Ostos, Aitor"]
[Result "0-1"]
[WhiteElo "1977"]
[BlackElo "2067"]
[PlyCount "82"]
[EventDate "2022.07.25"]
[EventType "swiss"]
[EventRounds "9"]
[EventCountry "ESP"]
[SourceTitle "EXT 2023"]
[Source "ChessBase"]
[SourceDate "2022.10.05"]
[SourceVersion "1"]
[SourceVersionDate "2022.10.05"]
[SourceQuality "1"]

1. d4 Nf6 2. Nf3 e6 3. g3 b5 4. Bg2 Bb7 5. Bg5 c5 6. 0-0 h6 7. Bxf6 Qxf6 8. Nc3 a6 9. e4 cxd4 10. Nxd4 Nc6 11. Nb3 d6 12. e5 Qxe5 13. Nd5 0-0-0 14. Re1 Qxb2 15. Rb1 Qa3 16. c4 exd5 17. cxb5 axb5 18. Qxd5 Qa6 19. a4 Ne5 20. Rec1+ Kb8 21. Qd1 Bxg2 22. Kxg2 Rc8 23. Nd4 Rxc1 24. Qxc1 Qb7+ 25. Kg1 b4 26. f4 Qb6 27. fxe5 Qxd4+ 28. Kg2 dxe5 29. Qc6 Qc5 30. Qe8+ Kb7 31. Qd7+ Qc7 32. Qb5+ Ka7 33. Kh3 Qc8+ 34. g4 Qc3+ 35. Kg2 Qc2+ 36. Kh3 Qxb1 37. Qd7+ Kb6 38. Qb5+ Kc7 39. Qc4+ Kd6 40. Qa6+ Ke7 41. Qb7+ Kf6 0-1

[Event "ESP-ch U16"]
[Site "Salobrena"]
[Date "2022.07.26"]
[Round "3"]
[White "Garijo Perez, Hugo"]
[Black "Funes Ostos, Aitor"]
[Result "1/2-1/2"]
[WhiteElo "1962"]
[BlackElo "2067"]
[PlyCount "156"]
[EventDate "2022.07.25"]
[EventType "swiss"]
[EventRounds "9"]
[EventCountry "ESP"]
[SourceTitle "EXT 2023"]
[Source "ChessBase"]
[SourceDate "2022.10.05"]
[SourceVersion "1"]
[SourceVersionDate "2022.10.05"]
[SourceQuality "1"]

1. e4 c5 2. Nf3 e6 3. c4 b6 4. d4 cxd4 5. Nxd4 Bb7 6. Nc3 a6 7. Nc2 d6 8. Be3 Nd7 9. Be2 Ngf6 10. f3 Be7 11. 0-0 0-0 12. Qe1 Qc7 13. Qf2 Rac8 14. Rac1 Bd8 15. Rfd1 Qb8 16. Ne1 Bc7 17. g4 h6 18. Qh4 Ne5 19. Qh3 Ng6 20. Ng2 Rfe8 21. Nh4 Nf8 22. Bd4 N8h7 23. Qg3 d5 24. e5 g5 25. Ng2 Nd7 26. Qh3 Bxe5 27. Bxe5 Qxe5 28. Qxh6 d4 29. Ne4 Bxe4 30. fxe4 Ndf6 31. Rf1 d3 32. Bxd3 Qd4+ 33. Kh1 Qxd3 34. Rxf6 Nxf6 35. Qxg5+ Kf8 36. Qxf6 Qxe4 37. Rf1 Rc7 38. g5 Kg8 39. h4 Qg6 40. Qf4 e5 41. Qg4 Qe6 42. Ne3 Qxg4 43. Nxg4 Kg7 44. b3 Rh8 45. Nh6 Rd8 46. h5 b5 47. Ng4 Rd4 48. Nf6 Rc8 49. Kg2 bxc4 50. bxc4 Rdxc4 51. Kg3 Ra4 52. Nd7 Rc3+ 53. Rf3 Rxf3+ 54. Kxf3 Rh4 55. h6+ Kg6 56. Nxe5+ Kxg5 57. Nxf7+ Kg6 58. Nd6 Rxh6 59. Ke4 Rh4+ 60. Kd5 Ra4 61. Kc5 Rxa2 62. Kb6 a5 63. Nc4 a4 64. Kb5 Kf5 65. Kb4 Ke4 66. Nd6+ Kd3 67. Nb5 Ra1 68. Nd6 Kc2 69. Nc4 Kd3 70. Nd6 a3 71. Kb3 Ke2 72. Nc4 a2 73. Na3 Kd3 74. Kb2 Rc1 75. Kxa2 Rc5 76. Kb3 Ra5 77. Kb4 Ra8 78. Nb5 Ke4 1/2-1/2

[Event "Catalan-ch U10/20"]
[Site "Tarragona"]
[Date "2022.04.12"]
[Round "6"]
[White "Valle Luis, Leo"]
[Black "Funes Ostos, Aitor"]
[Result "1/2-1/2"]
[WhiteElo "1915"]
[BlackElo "2086"]
[PlyCount "55"]
[EventDate "2022.04.09"]
[EventType "swiss"]
[EventRounds "9"]
[EventCountry "ESP"]
[SourceTitle "EXT 2023"]
[Source "ChessBase"]
[SourceDate "2022.10.05"]
[SourceVersion "1"]
[SourceVersionDate "2022.10.05"]
[SourceQuality "1"]

1. e4 c5 2. Nf3 e6 3. d4 cxd4 4. Nxd4 a6 5. a3 Ne7 6. Nc3 Nbc6 7. Be3 Nxd4 8. Qxd4 Nc6 9. Qd2 b5 10. Be2 Be7 11. f4 Qc7 12. Rd1 0-0 13. 0-0 Rd8 14. f5 Bb7 15. Bd3 Ne5 16. h3 d5 17. exd5 exd5 18. Ne2 Nc4 19. Bxc4 dxc4 20. Nd4 Bf6 21. c3 Be4 22. Rde1 Bd3 23. Rf3 Rd5 24. Qf2 Qd7 25. g4 Be5 26. Qh4 Qd6 27. Bf2 Re8 28. Kg2 1/2-1/2

[Event "Catalan-ch U10/20"]
[Site "Tarragona"]
[Date "2022.04.11"]
[Round "4"]
[White "Sanchez Aguilar, Arnau"]
[Black "Funes Ostos, Aitor"]
[Result "0-1"]
[WhiteElo "2020"]
[BlackElo "2086"]
[PlyCount "70"]
[EventDate "2022.04.09"]
[EventType "swiss"]
[EventRounds "9"]
[EventCountry "ESP"]
[SourceTitle "EXT 2023"]
[Source "ChessBase"]
[SourceDate "2022.10.05"]
[SourceVersion "1"]
[SourceVersionDate "2022.10.05"]
[SourceQuality "1"]

1. e4 e6 2. d4 d5 3. Nd2 a6 4. Ngf3 c5 5. c3 Nc6 6. exd5 exd5 7. dxc5 Bxc5 8. Be2 Nf6 9. 0-0 h6 10. Nb3 Bd6 11. Be3 0-0 12. h3 Bf5 13. Nbd4 Be4 14. Nd2 Bh7 15. Rc1 Ne5 16. Qb3 Qd7 17. Rfd1 b5 18. Bf4 Rfe8 19. Bxe5 Bxe5 20. N2f3 Bf4 21. Ra1 Ne4 22. a3 Nc5 23. Qa2 Rac8 24. Bf1 Be4 25. Ne1 Qd6 26. Nd3 Nxd3 27. Bxd3 Qg6 28. Bf1 Bb8 29. a4 b4 30. cxb4 Rc4 31. b3 Rc3 32. g4 Qd6 33. f3 Rc2 34. Qxc2 Bxc2 35. Rd2 Qf4 0-1

[Event "ESP-ch U16"]
[Site "Salobrena"]
[Date "2021.07.23"]
[Round "8"]
[White "Yeste Piqueras, Marcos"]
[Black "Funes Ostos, Aitor"]
[Result "0-1"]
[WhiteElo "1840"]
[BlackElo "1993"]
[PlyCount "66"]
[EventDate "2021.07.19"]
[EventType "swiss"]
[EventRounds "9"]
[EventCountry "ESP"]
[SourceTitle "EXT 2022"]
[Source "ChessBase"]
[SourceDate "2021.10.06"]
[SourceVersion "1"]
[SourceVersionDate "2021.10.06"]
[SourceQuality "1"]

1. e4 c5 2. Nc3 Nc6 3. f4 g6 4. Nf3 Bg7 5. Bb5 Nd4 6. 0-0 Nxb5 7. Nxb5 a6 8. Nc3 e6 9. d3 Ne7 10. Qe1 0-0 11. Qh4 Nc6 12. Qxd8 Rxd8 13. Be3 d6 14. Rad1 b5 15. d4 cxd4 16. Nxd4 Bb7 17. Nxc6 Bxc6 18. Bb6 Rd7 19. Ba5 Bxc3 20. Bxc3 Bxe4 21. Rf2 Rc8 22. a3 d5 23. h3 Rdc7 24. Rdd2 Bxc2 25. Rxc2 d4 26. Rf3 a5 27. Kf2 b4 28. axb4 axb4 29. Ke2 dxc3 30. bxc3 bxc3 31. Kd3 Kg7 32. Kd4 Rc4+ 33. Ke5 R8c6 0-1

[Event "ESP-ch U16"]
[Site "Salobrena"]
[Date "2021.07.22"]
[Round "6"]
[White "Sanz Gorospe, Ibai"]
[Black "Funes Ostos, Aitor"]
[Result "0-1"]
[WhiteElo "1591"]
[BlackElo "1993"]
[PlyCount "133"]
[EventDate "2021.07.19"]
[EventType "swiss"]
[EventRounds "9"]
[EventCountry "ESP"]
[SourceTitle "EXT 2022"]
[Source "ChessBase"]
[SourceDate "2021.10.06"]
[SourceVersion "1"]
[SourceVersionDate "2021.10.06"]
[SourceQuality "1"]

1. e4 c5 2. Nc3 e6 3. Nge2 a6 4. g3 b5 5. Bg2 Bb7 6. 0-0 Nc6 7. d4 cxd4 8. Nxd4 Nxd4 9. Qxd4 Ne7 10. Re1 Nc6 11. Qd1 d6 12. Bf4 Qc7 13. Qd2 Be7 14. Nd5 exd5 15. exd5 Na7 16. Qe2 Nc8 17. Bh3 Nb6 18. c4 bxc4 19. Rac1 Bc8 20. Bg2 Ra7 21. Bg5 f6 22. Be3 0-0 23. Bxb6 Qxb6 24. Rxc4 Qd8 25. Re4 Re8 26. Qh5 g6 27. Qh6 Bf5 28. R4e2 Rc7 29. Bh3 Qd7 30. Bg2 Rc2 31. Rxc2 Bxc2 32. Qd2 Bf5 33. Qe2 Kf7 34. Qxa6 Bf8 35. Rc1 Bh3 36. Qa5 Kg8 37. Bxh3 Qxh3 38. Re1 Rc8 39. Qd2 Qf5 40. Rd1 Rc2 41. Qd4 Qe5 42. Qd3 Qxb2 43. Qe3 Re2 44. Qf3 Qe5 45. a4 Ra2 46. Qb3 Qb2 47. Qe3 Qe2 48. Qxe2 Rxe2 49. Ra1 Re7 50. a5 Ra7 51. a6 Kf7 52. Kg2 Ke7 53. Rb1 Rxa6 54. Rb7+ Ke8 55. Rxh7 Ra5 56. Kf3 Rxd5 57. Ke3 Rh5 58. Rxh5 gxh5 59. h3 Kf7 60. g4 hxg4 61. hxg4 Ke6 62. f4 Bh6 63. Ke4 d5+ 64. Kf3 Kd6 65. Ke3 Kc5 66. Ke2 Kd4 67. Kd1 0-1

[Event "Llinars del Valles op 1st"]
[Site "Llinars del Valles"]
[Date "2021.07.03"]
[Round "9"]
[White "Funes Ostos, Aitor"]
[Black "Gomez Jurado, Luis Alberto"]
[Result "0-1"]
[WhiteElo "1945"]
[BlackElo "2185"]
[PlyCount "118"]
[EventDate "2021.06.25"]
[EventType "swiss"]
[EventRounds "9"]
[EventCountry "ESP"]
[SourceTitle "CBM 203 Extra"]
[Source "ChessBase"]
[SourceDate "2021.09.30"]
[SourceVersion "1"]
[SourceVersionDate "2021.09.30"]
[SourceQuality "1"]

1. c4 Nf6 2. g3 e6 3. Bg2 d5 4. Nf3 Be7 5. 0-0 0-0 6. d4 dxc4 7. Ne5 Nc6 8. Bxc6 bxc6 9. Nxc6 Qd6 10. Nxe7+ Qxe7 11. Qa4 Qd6 12. Rd1 Qd5 13. Nc3 Qh5 14. f3 Qh3 15. Qxc4 Bb7 16. e4 Ne8 17. Bf4 f6 18. d5 e5 19. Be3 Rf7 20. Nb5 a6 21. Na7 Nd6 22. Qd3 f5 23. Bc5 fxe4 24. fxe4 Raf8 25. Qe2 Rf3 26. Rd3 Qg4 27. Rxf3 Rxf3 28. Re1 Nf7 29. Be7 Nh6 30. Kg2 Rf7 31. Qxg4 Nxg4 32. Bc5 Rd7 33. Rf1 Nf6 34. Rf5 h6 35. Rxe5 Nxe4 36. Rxe4 Bxd5 37. Kf3 Bxe4+ 38. Kxe4 Rd2 39. Bd4 Rxh2 40. Nc6 Rg2 41. Kf3 Rd2 42. Bc3 Rd3+ 43. Kf4 g5+ 44. Kg4 Rd6 45. Ne7+ Kh7 46. Nf5 Re6 47. Bg7 Kg6 48. Bxh6 Re4+ 49. Kf3 Kxf5 50. Bg7 g4+ 51. Kf2 a5 52. Bc3 a4 53. a3 Ke6 54. Bg7 Kd5 55. Bc3 Kc4 56. Bg7 Kd3 57. Bf6 Re2+ 58. Kf1 Rc2 59. Kg1 Kc4 0-1

[Event "Llinars del Valles op 1st"]
[Site "Llinars del Valles"]
[Date "2021.06.30"]
[Round "6"]
[White "Funes Ostos, Aitor"]
[Black "Ruperez, Miguel Angel"]
[Result "1/2-1/2"]
[WhiteElo "1945"]
[BlackElo "2125"]
[PlyCount "91"]
[EventDate "2021.06.25"]
[EventType "swiss"]
[EventRounds "9"]
[EventCountry "ESP"]
[SourceTitle "CBM 203 Extra"]
[Source "ChessBase"]
[SourceDate "2021.09.30"]
[SourceVersion "1"]
[SourceVersionDate "2021.09.30"]
[SourceQuality "1"]

1. c4 c5 2. Nc3 Nc6 3. g3 g6 4. Bg2 Bg7 5. Nf3 d6 6. 0-0 Nh6 7. a3 0-0 8. Rb1 a5 9. d4 cxd4 10. Bxh6 dxc3 11. Bxg7 Kxg7 12. bxc3 Qc7 13. Qb3 Ra6 14. Nd4 a4 15. Qb5 Na5 16. Rb4 e5 17. Nc2 Bd7 18. Qd5 Be6 19. Qd2 Nxc4 20. Qd3 Ra7 21. Rfb1 b6 22. Ne3 b5 23. Rxb5 Nxa3 24. Rb7 Rxb7 25. Rxb7 Qc5 26. Bd5 Bxd5 27. Nxd5 Qc8 28. Rb4 Qf5 29. e4 Qg5 30. Ne3 d5 31. exd5 f5 32. h4 Qf6 33. c4 f4 34. Ng4 Qf5 35. Qxa3 Qxg4 36. Rb7+ Rf7 37. Rxf7+ Kxf7 38. Qxa4 fxg3 39. Qa7+ Ke8 40. Qb8+ Kd7 41. Qb7+ Kd8 42. Qb8+ Kd7 43. Qxe5 gxf2+ 44. Kxf2 Qxh4+ 45. Ke3 Qxc4 46. Qe6+ 1/2-1/2

[Event "Llinars del Valles op 1st"]
[Site "Llinars del Valles"]
[Date "2021.06.28"]
[Round "4"]
[White "Funes Ostos, Aitor"]
[Black "Campos Olaya, Israel"]
[Result "0-1"]
[WhiteElo "1945"]
[BlackElo "2228"]
[PlyCount "80"]
[EventDate "2021.06.25"]
[EventType "swiss"]
[EventRounds "9"]
[EventCountry "ESP"]
[SourceTitle "CBM 203 Extra"]
[Source "ChessBase"]
[SourceDate "2021.09.30"]
[SourceVersion "1"]
[SourceVersionDate "2021.09.30"]
[SourceQuality "1"]

1. Nf3 Nf6 2. b3 g6 3. Bb2 Bg7 4. g3 d5 5. c4 c6 6. Bg2 0-0 7. 0-0 Nbd7 8. d4 Ne4 9. Nc3 Nxc3 10. Bxc3 dxc4 11. bxc4 c5 12. Qc2 cxd4 13. Bxd4 e5 14. Bc3 Qc7 15. Qb2 Re8 16. Rac1 Nc5 17. Rfd1 Bd7 18. Bb4 e4 19. Nd4 Ba4 20. Rf1 Qb6 21. Rb1 Rad8 22. Qa3 Bxd4 23. Bxc5 Bxc5 24. Qxa4 Bxf2+ 25. Kh1 Qe3 26. Rxb7 Re5 27. Qb3 Qxe2 28. c5 Rf5 29. c6 Rc8 30. Rb8 Rxb8 31. Qxb8+ Kg7 32. c7 Bb6 33. Rc1 Rd5 34. Rf1 Rd2 35. Qg8+ Kh6 36. Qf8+ Kh5 37. Bf3+ exf3 38. g4+ Kg5 39. h4+ Kxh4 40. Qh6+ Kg3 0-1

[Event "Llinars del Valles op 1st"]
[Site "Llinars del Valles"]
[Date "2021.06.27"]
[Round "3"]
[White "Broadbent Brun, Jensen"]
[Black "Funes Ostos, Aitor"]
[Result "0-1"]
[WhiteElo "1488"]
[BlackElo "1945"]
[PlyCount "46"]
[EventDate "2021.06.25"]
[EventType "swiss"]
[EventRounds "9"]
[EventCountry "ESP"]
[SourceTitle "CBM 203 Extra"]
[Source "ChessBase"]
[SourceDate "2021.09.30"]
[SourceVersion "1"]
[SourceVersionDate "2021.09.30"]
[SourceQuality "1"]

1. d4 Nf6 2. c4 b6 3. Nc3 Bb7 4. f3 d5 5. cxd5 Nxd5 6. e4 Nxc3 7. bxc3 e5 8. Bc4 exd4 9. Qxd4 Qe7 10. Ne2 Nd7 11. a4 0-0-0 12. Bf4 f6 13. Rd1 g5 14. Bg3 Bg7 15. Qf2 f5 16. exf5 Bxc3+ 17. Kf1 Bf6 18. Bd5 Ba6 19. Be6 Kb8 20. Bxc7+ Kxc7 21. Qg3+ Ne5 22. Rc1+ Kb7 23. a5 Qa3 0-1

[Event "Roncana op-A 13th"]
[Site "Santa Eulalia de Roncana"]
[Date "2019.11.16"]
[Round "7"]
[White "Funes Ostos, Aitor"]
[Black "Erra Soler, Gerard"]
[Result "1/2-1/2"]
[WhiteElo "1652"]
[BlackElo "1765"]
[PlyCount "64"]
[EventDate "2019.09.28"]
[EventType "swiss"]
[EventRounds "8"]
[EventCountry "ESP"]
[SourceTitle "CBM 193 Extra"]
[Source "ChessBase"]
[SourceDate "2020.01.31"]
[SourceVersion "1"]
[SourceVersionDate "2020.01.31"]
[SourceQuality "1"]

1. c4 Nf6 2. g3 e6 3. Nf3 Be7 4. Bg2 Nc6 5. 0-0 0-0 6. d4 d5 7. b3 Re8 8. Bb2 Bf8 9. Nc3 b6 10. Ne5 Bb7 11. e4 Nxe5 12. dxe5 Nxe4 13. Nxe4 dxe4 14. Qe2 Bc5 15. Rad1 Qe7 16. Bxe4 Bxe4 17. Qxe4 Rad8 18. Qc6 h5 19. h4 Rxd1 20. Rxd1 Rd8 21. Qf3 g6 22. Bc1 Rxd1+ 23. Qxd1 f6 24. Qc2 Qf7 25. exf6 Qxf6 26. Bg5 Qf5 27. Qd2 Bd6 28. Qd4 Bc5 29. Qd8+ Qf8 30. Qxf8+ Kxf8 31. Bf4 Bd6 32. Bg5 Kf7 1/2-1/2